Statistics for Celebrity who will silence the whole world when they die

Click here to take the quiz!

General Stats

  • This quiz has been taken 48 times
  • The average score is 13 of 17

Answer Stats

Answer% Correct
Taylor Swift
94%
Ariana Grande
90%
Lady Gaga
90%
Morgan Freeman
90%
Adele
88%
Harry Styles
88%
Beyonce
85%
Jennifer Aniston
85%
Chris Hemsworth
81%
Selena Gomez
81%
Tom Holland
77%
Ryan Reynolds
75%
Scarlett Johansson
71%
Chris Pratt
69%
Zendaya
69%
Dwanye Johnson
50%
Jason Statham
29%

Score Distribution

Percentile by Number Answered

Percent of People with Each Score

Your Score History

You have not taken this quiz